جمال الدین افغانی : (Record no. 191913)

MARC details
000 -LEADER
fixed length control field 00672nam a22001937a 4500
005 - DATE AND TIME OF LATEST TRANSACTION
control field 20220907114227.0
010 ## - LCCN (DPL NO)
LC control number UR-11710
020 ## - INTERNATIONAL STANDARD BOOK NUMBER
International Standard Book Number 9789391238841
Terms of availability 350.00
035 ## - SYSTEM CONTROL NUMBER
System control number U-10265
037 ## - SOURCE OF ACQUISITION
Source of stock number/acquisition DBAD/PUB
Stock number -
082 ## - DEWEY DECIMAL CLASSIFICATION NUMBER
Classification number 844
100 ## - MAIN ENTRY--PERSONAL NAME
Personal name انور معظم
245 ## - TITLE STATEMENT
Title جمال الدین افغانی :
Remainder of title تبدیلی کا مفکّر /
Statement of responsibility, etc انور معظم
Medium ا ر د و
246 ## - VARYING FORM OF TITLE
Title proper/short title Jamaluddin Afghani Tabdili ka Mufakkir /
Remainder of title by Anwar Moazzam
260 ## - PUBLICATION, DISTRIBUTION, ETC. (IMPRINT)
Place of publication, distribution, etc New Delhi
Name of publisher, distributor, etc Educational Publishing House
Date of publication, distribution, etc 2021 ء
270 ## - ADDRESS
Address H.o D1/16, Ansari Road, Daryaganj
City New Delhi
Postal code 110002
300 ## - PHYSICAL DESCRIPTION
Extent 271 ص
Dimensions 23cm(Hb)
942 ## - ADDED ENTRY ELEMENTS (KOHA)
Source of classification or shelving scheme Dewey Decimal Classification
Item type Urdu Bks
Classification part 844
Call number suffix ا ن و
Holdings
Withdrawn status Lost status Not for loan Collection code Home library Current library Date acquired Source of acquisition Cost, normal purchase price Full call number Barcode Copy number Cost, replacement price Koha item type
      Non-fiction Sarojini Nagar Sarojini Nagar 07/09/2022 DBAD/PUB 350.00 844 ا ن و U-10265 1 350.00 Urdu Bks

© Delhi Public Library
Hit Counter
free hit counter